Yaşamaşk : Şiirler (Record no. 3916)

000 -LEADER
fixed length control field 00535nam a22001937a 4500
008 - FIXED-LENGTH DATA ELEMENTS--GENERAL INFORMATION
fixed length control field 190926b ||||| |||| 00| p eng d
020 ## - INTERNATIONAL STANDARD BOOK NUMBER
International Standard Book Number 9758059246
041 ## - LANGUAGE CODE
Language code of text/sound track or separate title Türkçe
050 ## - LIBRARY OF CONGRESS CALL NUMBER
Classification number PL234.U987
100 ## - MAIN ENTRY--PERSONAL NAME
9 (RLIN) 317
Personal name Uzunbay, Zeynep
245 ## - TITLE STATEMENT
Title Yaşamaşk : Şiirler
Statement of responsibility, etc. Dizi Editörü: Hüseyin Alemdar
250 ## - EDITION STATEMENT
Edition statement 1.Baskı
260 ## - PUBLICATION, DISTRIBUTION, ETC.
Place of publication, distribution, etc. İstanbul:
Name of publisher, distributor, etc. Hera Şiir Kitaplığı,
Date of publication, distribution, etc. Aralık 1998
300 ## - PHYSICAL DESCRIPTION
Extent 61 Sayfa
500 ## - GENERAL NOTE
General note Şiir ; 19
650 #0 - SUBJECT ADDED ENTRY--TOPICAL TERM
9 (RLIN) 145
Topical term or geographic name entry element Türk Edebiyatı
700 ## - ADDED ENTRY--PERSONAL NAME
9 (RLIN) 459
Personal name Alemdar, Hüseyin
942 ## - ADDED ENTRY ELEMENTS (KOHA)
Source of classification or shelving scheme
Koha item type Books
Holdings
Withdrawn status Lost status Source of classification or shelving scheme Damaged status Not for loan Permanent Location Current Location Shelving location Date acquired Full call number Barcode Date last seen Price effective from Koha item type
        Ödünç verilemez İmren Ahmet Tüzün Kütüphanesi İmren Ahmet Tüzün Kütüphanesi Ahmet Tüzün 2019-09-26 PL234.U987 100100004175 2019-09-26 2019-09-26 Books

This software was implemented, installed and managed by Devinim Software Training Consulting .